000
00161 a2200085 4500
041
_a
spa
100
_a
Anonimo
245
_a
Curriculum Nacional Basico
942
_c
BK
999
_c
16101
_d
16101